| 000 | 00419nam a2200145 a 4500 | ||
|---|---|---|---|
| 001 | 000048360 | ||
| 005 | 20201002061109.0 | ||
| 008 | 190212s2009 dr a r 000 0 spa d | ||
| 040 |
_aDO-SdBNP _bspa _cBNPHU |
||
| 082 |
_axxx _bM294 |
||
| 245 | 0 | 0 | _aManual del misionero. |
| 260 |
_aSanto Domingo : _bConferencia del Episcopado Dominicano, _c2009. |
||
| 300 |
_a158 p. : _bil. ; _c21 cm. |
||
| 590 | _aInventariado, 2019 / DG | ||
| 999 |
_c47848 _d47848 |
||